| Tag |
First Indicator |
Second Indicator |
Subfields |
| LEADER |
00000cgm a2200000Ia 4500 |
| 001 |
in00002072829 |
| 005 |
20151102135908.0 |
| 007 |
vd cvaizu |
| 008 |
050311s2004 nyu033 e vleng d |
| 035 |
|
|
|a (OCoLC)ocm58450524
|
| 040 |
|
|
|a GZO
|c GZO
|d TXA
|d UtOrBLW
|
| 049 |
|
|
|a TXAM
|
| 090 |
|
|
|a H62
|b .R448 2004
|
| 245 |
0 |
0 |
|a Research methods for the social sciences /
|c a Promedion production ; producer, Banning K. Lary ; director, Milos Fortunato ; writers, Marcus Gunn, Marcia Swift.
|
| 264 |
|
2 |
|a New York, NY :
|b Distributed by Insight Media,
|c [2004]
|
| 264 |
|
4 |
|c ©2004
|
| 300 |
|
|
|a 1 videodisc (32 min., 40 sec.) :
|b sound, color ;
|c 4 3/4 in. +
|e 1 insert.
|
| 336 |
|
|
|a two-dimensional moving image
|b tdi
|2 rdacontent
|
| 337 |
|
|
|a video
|b v
|2 rdamedia
|
| 338 |
|
|
|a videodisc
|b vd
|2 rdacarrier
|
| 538 |
|
|
|a DVD.
|
| 511 |
0 |
|
|a Narrator, Valerie Dalli.
|
| 508 |
|
|
|a Editor, Paul J. Murski ; videographers, Mark Shuneman, Dean Gunderson, Tom Steele.
|
| 520 |
|
|
|a Describes the research methods used in the social sciences and the steps used to apply the scientific method. Ethical research methods are also discussed.
|
| 505 |
0 |
|
|a I. Introduction -- II. Scientific method -- III. Research ethics.
|
| 500 |
|
|
|a Videorecording.
|
| 650 |
|
0 |
|a Social sciences
|x Research
|x Methodology.
|
| 655 |
|
7 |
|a Instructional films.
|2 lcgft
|
| 700 |
1 |
|
|a Fortunato, Milos.
|
| 700 |
1 |
|
|a Gunn, Marcus.
|
| 700 |
1 |
|
|a Swift, Marcia.
|
| 700 |
1 |
|
|a Dalli, Valerie.
|
| 710 |
2 |
|
|a Promedion (Firm)
|
| 710 |
2 |
|
|a Insight Media (Firm)
|
| 948 |
|
|
|a cataloged
|b h
|c 2005/11/4
|d c
|e mphillip
|f 11:36:35 am
|
| 994 |
|
|
|a C0
|b TXA
|
| 999 |
|
|
|a MARS
|
| 999 |
f |
f |
|s b6575adb-3dcd-3070-8fae-5418511e2973
|i e49ae39b-b1dd-36f4-970d-dfb9e1181086
|t 0
|
| 952 |
f |
f |
|p ric
|a Texas A&M University
|b Rellis Campus
|c Joint Library Facility
|d Remote Storage
|t 0
|e H62 .R448 2004
|h Library of Congress classification
|i video -- videodisc
|m A14833237324
|
| 998 |
f |
f |
|a H62 .R448 2004
|t 0
|l Remote Storage
|